000 01072nam a22002175i 4500
001 163807
003 ES-MaACL
005 20250929063238.0
008 990727s1846 sp |||| | spa d
040 _aCCPB | B
_bspa
_cCCPB | B
100 1 _aRodríguez Rubí, Tomás,
_d1817-1890
_9131953
245 1 0 _aAlberoni ó La astucia contra el poder
_b: comedia original en cuatro actos y en verso /
_cde Tomás Rodríguez Rubí.
260 _aMadrid :
_b[Manuel Delgado],
_c1846 (
_fImprenta de Antonio Yenes)
300 _a78 p. ;
_c19 cm.
490 1 _aGalería dramática
500 _aEn port.: Representada por primera vez en el teatro del Príncipe, el 28 de mayo de 1846, a beneficio de la primera actriz doña Matilde Díez.
740 3 _aLa astucia contra el poder.
830 0 _aGalería dramática
_9186796
852 _aES-MaACL
_jF-8585(4)
_z-- Enc. pasta española
_z-- Enc. en un vol. facticio, formando parte de la col. facticia: "Teatro español moderno", vol. 38
_x-- Edic.: el dato de serie debe consta en la cub.
999 _c163807
_d163807